000 00594nam a22001937a 4500
999 _c10674
_d10674
003 AR-CdUCM
008 190401b ||||| |||| 00| 0 spa d
040 _aMUNICIPALIDAD PROVINCIAL DEL CUSCO
_cBIBLIOTECA MUNICIPAL DEL CUSCO
082 _a848.9 /
_bS16
100 _aSaint-Exupéry, Antoine de
_914004
245 _aEl principito /
260 _aMéxico :
_bEdit. Fernandez,
_c1964.
300 _a85 paginas ;
_bIlustraciones,
_c27 cm.
505 _aContenido : Cuento /
650 _aCuentos infantiles franceses
_927650
650 _aSiglo XX
_98
942 _2ddc
_cLIBROS
945 _arjall